[Event "IX EICC w"]
[Site "Plovdiv BUL"]
[Date "2008.04.30"]
[Round "9"]
[White "Mkrtchian,L"]
[Black "Milliet,S"]
[Result "1-0"]
[WhiteElo "2413"]
[BlackElo "2354"]

1.e4 c5 2.Nf3 e6 3.d4 cxd4 4.Nxd4 Nc6 5.Nc3 Qc7 6.Be3 a6 7.Qd2 Nf6 8.O-O-O Be7
9.f3 O-O 10.g4 b5 11.Kb1 Bb7 12.g5 Ne8 13.h4 Nxd4 14.Qxd4 b4 15.Na4 Rc8 16.Rd2 Qa5
17.b3 Nd6 18.h5 e5 19.Qb2 Nb5 20.Bxb5 Qxb5 21.h6 g6 22.Nb6 Rc3 23.a4 Qa5
24.Rxd7 Bxg5 25.Nc4 Rxc4 26.Bxg5 Bc6 27.Bd8 Qc5 28.Be7 Bxd7 29.Bxc5 Rxc5
30.Rd1 Bh3 31.Qc1 f6 32.Rd6 Rc3 33.Qd2 Rf7 34.Qd5 Rc7 35.Rxf6 Bg2 36.a5 Bf1
37.Rxf7 Rxf7 38.Qxe5 Be2 39.f4  1-0

[Event "IX EICC"]
[Site "Plovdiv BUL"]
[Date "2008.04.30"]
[Round "9"]
[White "Tiviakov,S"]
[Black "Damljanovic,B"]
[Result "1-0"]
[WhiteElo "2635"]
[BlackElo "2595"]

1.e4 c5 2.Nf3 e6 3.d4 cxd4 4.Nxd4 Nc6 5.Nc3 Qc7 6.g3 a6 7.Bg2 d6 8.O-O Bd7
9.a4 Nf6 10.Nxc6 Bxc6 11.a5 Be7 12.Be3 O-O 13.Bb6 Qb8 14.Re1 Bd8 15.Bd4 Nd7
16.Qd2 Bf6 17.Na2 Rd8 18.Nb4 Qc7 19.Bxf6 Nxf6 20.c4 Rab8 21.b3 Nd7 22.Re3 Nc5
23.h4 Be8 24.Nc2 b6 25.axb6 Rxb6 26.b4 Nd7 27.Rc3 Ne5 28.Bf1 h6 29.Qe3 Qb8
30.Rca3 Rc8 31.b5 Ng4 32.Qf4 h5 33.bxa6 Qa7 34.Ne3 Ne5 35.Ra5 f6 36.g4 Rc5
37.R5a3 Rb8 38.Be2 hxg4 39.Nxg4 Qe7 40.Nxe5 fxe5 41.Qg4 Rc7 42.Ra5 Bc6 43.R1a3 Ra7
44.h5 Qf6 45.Kg2 Qh6 46.Rd3 Rd7 47.a7 Rf8 48.Ra6 Rdf7 49.Rf3 Bxe4 50.Qxe4 Qg5+
51.Rg3 Rxf2+ 52.Kh3  1-0

[Event "IX EICC"]
[Site "Plovdiv BUL"]
[Date "2008.04.30"]
[Round "9"]
[White "Akopian,Vl"]
[Black "Iotov,V"]
[Result "1-0"]
[WhiteElo "2673"]
[BlackElo "2531"]

1.e4 c5 2.Nf3 e6 3.d4 cxd4 4.Nxd4 Nc6 5.Nc3 Qc7 6.Be3 a6 7.Qd2 Nf6 8.O-O-O Bb4
9.f3 Ne5 10.Nb3 b5 11.Kb1 Be7 12.Qf2 d6 13.g4 O-O 14.g5 Nfd7 15.Rg1 b4 16.Na4 a5
17.f4 Nc4 18.Bxc4 Qxc4 19.f5 Ra6 20.f6 Bd8 21.fxg7 Kxg7 22.Qh4 Kg8 23.Nd4 Bb7
24.b3 Qc7 25.Rdf1 Ne5 26.Bc1 Be7 27.Rg3 Ng6 28.Qh6 Bxe4 29.Rh3 Ne5 30.g6 Bxg6
31.Rg1 Bg5 32.Rxg5 f6  1-0

[Event "XXI Open"]
[Site "Benidorm ESP"]
[Date "2008.05.01"]
[Round "7"]
[White "Haslinger,S"]
[Black "Gonzalez Garcia,J2"]
[Result "1-0"]
[WhiteElo "2500"]
[BlackElo "2541"]

1.e4 c5 2.Nf3 e6 3.d4 cxd4 4.Nxd4 Nc6 5.Nc3 d6 6.Be3 Nf6 7.f4 Be7 8.Qf3 e5
9.Nxc6 bxc6 10.f5 Rb8 11.O-O-O Qc7 12.Bc4 O-O 13.g4 d5 14.g5 dxc4 15.gxf6 Bxf6
16.Rhg1 Qb7 17.Na4 Qb4 18.Bh6 g6 19.Bxf8 Qxf8 20.a3 Qxa3 21.bxa3 Kg7 22.Rg2 Ba6
23.Rgd2 Rb1+ 24.Kxb1 Bg5 25.Rd6 Bc8 26.Nc5 gxf5 27.exf5 Bxf5 28.Ne4 Bg6 29.Rxc6 Bf4
30.Ng3 h5 31.Rg1 Kh7 32.Ka1 Bxc2 33.Qxf4 exf4 34.Rf1 f5 35.Rxf4 Be4 36.Rg6 Kxg6
37.Kb2 Kg5 38.Rf2 f4 39.Kc3 f3 40.Kd4 Kf4 41.a4 h4 42.Rb2 Bb7 43.Rc2 Kg4
44.Ke3 Kh3  1-0

[Event "3rd Cup"]
[Site "Berazategui ARG"]
[Date "2008.05.01"]
[Round "1"]
[White "De Urquiza,S"]
[Black "Alonso,S"]
[Result "0-1"]
[WhiteElo "1876"]
[BlackElo "2420"]

1.e4 c5 2.Nf3 Nc6 3.Nc3 e6 4.d4 cxd4 5.Nxd4 Qc7 6.Be3 a6 7.f4 b5 8.Qf3 Bb7
9.Bd3 Rc8 10.O-O Nxd4 11.Bxd4 Bc5 12.Qf2 Bxd4 13.Qxd4 Qc5 14.Qf2 Ke7 15.Rae1 Qxf2+
16.Rxf2 f6 17.e5 f5 18.Rd2 Nh6 19.h3 Rhg8 20.Red1 Bc6 21.Ne2 g5 22.fxg5 Nf7
23.h4 h6 24.Nd4 hxg5 25.hxg5 Nxe5 26.Nxc6+ Rxc6 27.Re2 Nxd3 28.Rxd3 Rxg5
29.Red2 d5 30.Rh3 Rg4 31.c3 Kd6 32.Kf2 a5 33.Rh7 b4 34.cxb4 Rxb4 35.Ra7 a4
36.Ke3 Rcb6 37.g3 Ke5 38.Kf3 Rc6 39.Ra8 Rc1 40.Ra6 Re4 41.Rh2 Rf1+ 42.Rf2 Rxf2+
43.Kxf2 Rb4 44.Ke3 Rxb2 45.Rxa4 Rg2 46.Kf3 Rc2 47.Ke3 Rc3+ 48.Kf2 d4 49.Ra6 Kd5
50.Ra5+ Ke4 51.Ra6 e5 52.g4 Rc2+ 53.Kf1 d3  0-1

[Event "Stuttgarter Stadtmeisterschaft A"]
[Site "Ditzingen GER"]
[Date "2008.05.01"]
[Round "1"]
[White "Ferstl,M"]
[Black "Lammers,M"]
[Result "0-1"]
[WhiteElo "2021"]
[BlackElo "2371"]

1.e4 c5 2.Nf3 e6 3.d4 cxd4 4.Nxd4 Nc6 5.Nc3 Qc7 6.Be3 a6 7.Bd3 Nf6 8.Qe2 b5
9.f3 Bb7 10.O-O Bd6 11.f4 Nxd4 12.Bxd4 b4 13.Nd5 Nxd5 14.exd5 Bxd5 15.Qg4 Bc5
16.c3 g6 17.f5 exf5 18.Rfe1+ Be6 19.Qg5 O-O 20.Qf6 Bxd4+ 21.cxd4 Qd8 22.Qe5 d6
23.Qf4 Qf6 24.Rac1 a5 25.Rc6 Rfd8 26.b3 a4 27.Rxd6 g5 28.Qf3 Rxd6  0-1

[Event "IX EICC"]
[Site "Plovdiv BUL"]
[Date "2008.05.01"]
[Round "10"]
[White "Todorovic,J"]
[Black "Logothetis,S"]
[Result "1/2-1/2"]
[WhiteElo "2406"]
[BlackElo "2291"]

1.e4 c5 2.Nf3 e6 3.d4 cxd4 4.Nxd4 Nc6 5.Nc3 Qc7 6.g3 a6 7.Bg2 Nf6 8.O-O Nxd4
9.Qxd4 Bc5 10.Bf4 d6 11.Qd2 h6 12.Rad1 e5 13.Be3 Be6 14.Bxc5 dxc5 15.f4 O-O
16.Qd6 Qa5 17.Qd2 Qc7 18.Nd5 Bxd5 19.exd5 Qd6 20.fxe5 Qxe5 21.c3 Qd6 22.Rf5 Rad8
23.Rdf1 Rfe8 24.Rxf6 gxf6 25.Qxh6 f5 26.Qg5+ Qg6 27.Qd2 Re5 28.Rd1 Rd6 29.Bf3 Kg7
30.Qf4 Qf6 31.Kg2 b6 32.a3 Qe7 33.Rd2 Qf6 34.b4 Re1 35.bxc5 bxc5 36.Qc4 Rc1
37.Qxc5 Rxc3 38.Qb4 Re3 39.Rc2 Qe5 40.a4 a5 41.Qc4 Rg6 42.Rd2 Rd6 43.Rf2 Rc3
44.Qb5 f4 45.g4 Qe3 46.Qxa5 Rh6 47.h3 Rd3 48.Qd8 Rd2 49.Rxd2 Qxd2+ 50.Kf1 Qd3+
51.Kg2 Qc2+ 52.Kf1 Qxa4 53.Qg5+ Rg6 54.Qe5+ Kg8 55.Be4 Qd1+ 56.Kf2 Qd2+ 57.Kf1 Qd1+  1/2-1/2

[Event "IX EICC"]
[Site "Plovdiv BUL"]
[Date "2008.05.01"]
[Round "10"]
[White "Nevednichy,V"]
[Black "Potkin,V"]
[Result "0-1"]
[WhiteElo "2558"]
[BlackElo "2617"]

1.e4 c5 2.Nc3 e6 3.Nf3 Nc6 4.d4 cxd4 5.Nxd4 a6 6.f4 Nxd4 7.Qxd4 b5 8.a4 b4
9.Na2 a5 10.Bd2 Bb7 11.Bd3 Ne7 12.Nc1 Nc6 13.Qf2 Be7 14.Nb3 d6 15.O-O-O O-O
16.Be3 Qc8 17.g4 Nb8 18.g5 Nd7 19.Kb1 Nc5 20.Bxc5 dxc5 21.Nd2 Rd8 22.Rhe1 b3
23.Nc4 bxc2+ 24.Bxc2 Qc7 25.h4 Ba6 26.Bb3 Rdb8 27.Ba2 Rb4 28.Rc1 Rab8 29.Rc2 Rxa4
30.f5 Rab4 31.Qe3 a4 32.Rd1 Bxc4 33.Bxc4 Qe5 34.Rdd2 exf5 35.Qf3 Qxe4 36.Qxe4 fxe4
37.Re2 Kf8 38.Rxe4 f6 39.Rf2 Rd8 40.Kc2 Rdb8 41.Kc3 Bd8 42.h5 Ba5 43.Kd3 Rxb2
44.Rxb2 Rxb2 45.gxf6 gxf6 46.Rg4 a3 47.Rg8+ Ke7 48.Ra8 Bb4 49.Ra7+ Kd6 50.Rxh7 Rd2+
51.Ke3 Rc2 52.Bg8 c4 53.Ke4 a2 54.Ra7 Bc3  0-1

[Event "IX EICC"]
[Site "Plovdiv BUL"]
[Date "2008.05.01"]
[Round "10"]
[White "Nijboer,F"]
[Black "Berczes,D"]
[Result "1/2-1/2"]
[WhiteElo "2558"]
[BlackElo "2453"]

1.e4 c5 2.Nf3 e6 3.Nc3 Nc6 4.d4 cxd4 5.Nxd4 Nf6 6.Nxc6 bxc6 7.e5 Nd5 8.Ne4 Qc7
9.f4 Qb6 10.c4 Bb4+ 11.Ke2 f5 12.Nf2 Ba6 13.Kf3 Ne7 14.Be3 Bc5 15.Bxc5 Qxc5
16.Qd6 Qa5 17.Be2 c5 18.Kg3 Rd8 19.Rhd1 Nc8 20.Qd2 Qc7 21.Qe3 O-O 22.Rd2 d6
23.exd6 Rxd6 24.Rxd6 Nxd6 25.h4 Kh8 26.Rd1 Bxc4 27.Bxc4 Nxc4 28.Qxe6 Nb6
29.Nd3 Qd7 30.Qxd7 Nxd7 31.Rc1 Rc8 32.Kf3 Kg8 33.Rc4 a5 34.b3 Kf7 35.Ra4 Ra8
36.Ne5+ Nxe5+ 37.fxe5 Ke6 38.Kf4 g6 39.g3 h6 40.Rc4 Rc8 41.Rc1 a4 42.Rc2 axb3
43.axb3 g5+ 44.hxg5 hxg5+ 45.Kxg5 Kxe5 46.Re2+ Kd4 47.Kxf5 Rf8+ 48.Kg4 Rb8
49.Kf4  1/2-1/2

[Event "IX EICC w"]
[Site "Plovdiv BUL"]
[Date "2008.05.01"]
[Round "10"]
[White "Ohme,M"]
[Black "Gara,A"]
[Result "1-0"]
[WhiteElo "2248"]
[BlackElo "2331"]

1.e4 c5 2.Nf3 e6 3.d4 cxd4 4.Nxd4 Nc6 5.Nc3 a6 6.Nxc6 bxc6 7.Bd3 d5 8.O-O Nf6
9.Re1 Be7 10.e5 Nd7 11.Qg4 g6 12.Na4 h5 13.Qe2 c5 14.c4 d4 15.b3 Rb8 16.Nb2 g5
17.f4 gxf4 18.Bxf4 Bg5 19.Qf3 Rg8 20.Rf1 Bxf4 21.Qxf4 Rg7 22.h4 Qe7 23.Be2 Bb7
24.Rf2 Rh7 25.Nd3 Nf8 26.Bf3 Ng6 27.Qg3 Bxf3 28.Qxf3 Rc8 29.g3 Rg7 30.Rg2 Rh7
31.Re1 Qc7 32.Rge2 Kd7 33.Nf2 Rg7 34.Kf1 Qc6 35.Ne4 Kc7 36.Qxh5 Ne7 37.g4 Rcg8
38.Nf6 Nf5 39.Kf2 Ne3 40.Rg1 Rd8 41.Qh6 Rg6 42.Qh7 Rxf6+ 43.exf6 Qd6 44.Kf3 Rf8
45.Qe4 Rh8 46.Rh1 Rg8 47.g5 e5 48.Rg1 Qe6 49.Rg3 Rh8 50.Kf2 Rd8 51.Rgxe3 dxe3+
52.Rxe3 Rd2+ 53.Re2 Rxe2+ 54.Kxe2 Kb6 55.Qf3 e4 56.Qf4 Qh3 57.Qxe4 Qh2+ 58.Ke3 Qg3+
59.Kd2 Qf2+ 60.Kc3 Qxa2 61.Qd5 Qa1+ 62.Kd3 Qd1+ 63.Ke4 Qg4+ 64.Ke3 Qg1+ 65.Kf4 Qf2+
66.Kg4 Qe2+ 67.Qf3 Qe6+ 68.Kh5 Qe8 69.Qd3 Qh8+ 70.Kg4 Qc8+ 71.Qf5 Qc6 72.Kh5 Qe8
73.g6 fxg6+ 74.Qxg6 Qe5+ 75.Kh6 Ka5 76.Kg7 Kb4 77.Qg5 Qd4 78.h5 Kxb3 79.h6 a5
80.h7 Qd7+ 81.f7 Qd4+ 82.Kg8  1-0

[Event "Stuttgarter Stadtmeisterschaft A"]
[Site "Ditzingen GER"]
[Date "2008.05.02"]
[Round "4"]
[White "Haecker,A"]
[Black "Kunz,K"]
[Result "1/2-1/2"]
[WhiteElo "2234"]
[BlackElo "2198"]

1.e4 c5 2.Nf3 e6 3.d4 cxd4 4.Nxd4 Nc6 5.Nc3 Qc7 6.Be3 a6 7.Bd3 Nf6 8.O-O Nxd4
9.Bxd4 Bc5 10.Bxc5 Qxc5 11.Kh1 d6 12.Qe1 e5 13.a4 O-O 14.a5 Bd7 15.f3 Be6
16.Na4 Qc7 17.Nb6 Rad8 18.c4 Nd7 19.Nxd7 Qxd7 20.Qb4 Rc8 21.Rfd1 Rc6 22.Ra4 g6
23.Qb3 Qc7 24.Rb4 Qxa5 25.Rxb7 Qc5 26.h3 h5 27.Qa4 Rfc8 28.b3 Qe3 29.Qa1 Bxh3
30.gxh3 Qxf3+ 31.Kh2 Qf2+ 32.Kh1 Qf3+ 33.Kh2 Qf2+  1/2-1/2

[Event "IX EICC"]
[Site "Plovdiv BUL"]
[Date "2008.05.02"]
[Round "11"]
[White "Sigalas,F"]
[Black "Arnaudov,G"]
[Result "1/2-1/2"]
[WhiteElo "2250"]
[BlackElo "2369"]

1.e4 c5 2.Nf3 e6 3.d4 cxd4 4.Nxd4 Nc6 5.Nc3 Qc7 6.Be3 a6 7.Be2 Nf6 8.a3 b5
9.Nxc6 dxc6 10.f4 Be7 11.e5 Nd5 12.Nxd5 exd5 13.O-O f5 14.b4 O-O 15.Bc5 Bxc5+
16.bxc5 Be6 17.Qd4 a5 18.c3 Rab8 19.Rab1 Qa7 20.Bd3 Rb7 21.Rb2  1/2-1/2

[Event "IX EICC w"]
[Site "Plovdiv BUL"]
[Date "2008.05.02"]
[Round "11"]
[White "Molchanova,T"]
[Black "Stepovaia,T"]
[Result "1-0"]
[WhiteElo "2359"]
[BlackElo "2378"]

1.e4 c5 2.Nf3 e6 3.d4 cxd4 4.Nxd4 Nc6 5.Nc3 Qc7 6.Be2 a6 7.O-O Nf6 8.Be3 Bb4
9.Na4 Bd6 10.Nb6 Rb8 11.g3 Nxe4 12.Nxc6 Qxc6 13.Bf3 f5 14.Bxe4 fxe4 15.Qh5+ g6
16.Qh6 Be5 17.Bf4 Bxf4 18.Qxf4 Qxb6 19.Qxb8 O-O 20.Qe5 Qc6 21.Rfe1 d5 22.c4 Rf5
23.cxd5 exd5 24.Qd4 Qf6 25.Qxf6 Rxf6 26.Red1 Rd6 27.Rd4 Bg4 28.Rc1 Kf7 29.Rc5 Ke6
30.f4 Be2 31.Kf2 Bd3 32.Ke3 h5 33.a4 b6 34.Rc7 Kf5 35.h3 g5 36.Re7 gxf4+
37.gxf4 Bc4 38.Re5+ Kf6 39.Rxh5 Rd8 40.h4 b5 41.axb5 axb5 42.Rd2 b4 43.Rg2 Bf1
44.Rh6+ Kf7 45.Rg1 Bd3 46.Kd4 Bc4 47.f5 e3 48.Kxe3 Re8+ 49.Kf4 Re4+ 50.Kg5 d4
51.Rh7+ Ke8 52.Ra1  1-0

[Event "IX EICC"]
[Site "Plovdiv BUL"]
[Date "2008.05.02"]
[Round "11"]
[White "Areshchenko,A"]
[Black "Sokolov,And1"]
[Result "1-0"]
[WhiteElo "2650"]
[BlackElo "2596"]

1.e4 c5 2.Nf3 e6 3.d4 cxd4 4.Nxd4 Nc6 5.Nc3 Qc7 6.Be3 a6 7.Qd2 Nf6 8.O-O-O Be7
9.f3 O-O 10.g4 b5 11.g5 Ne8 12.h4 Bb7 13.Nb3 Ne5 14.Rh3 b4 15.Na4 d5 16.exd5 Bxd5
17.Nb6 Rd8 18.Qf2 Bxb3 19.Rxd8 Qxd8 20.axb3 Nd6 21.Bf4 Nd7 22.Nxd7 Qxd7 23.h5 Nf5
24.h6 g6 25.Bd3 a5 26.Rh1 Rc8 27.Rd1 Qd4 28.Qxd4 Nxd4 29.Ba6 Rxc2+ 30.Kb1 Rc6
31.Bb7 Rb6 32.Be4 Nb5 33.Rc1 Nd6 34.Rc7 Kf8 35.Ra7 Ke8 36.Ra8+ Kd7 37.Be3 Nxe4
38.Bxb6 Nd2+ 39.Kc2 Nxf3 40.Ra7+ Ke8 41.Bxa5 Nd4+ 42.Kd3 Nc6 43.Ra8+ Kd7
44.Rh8 Bxg5 45.Rxh7 Bxh6 46.Bb6 Bg5 47.Rxf7+ Kd6 48.Ke4 Bc1 49.Rf2 g5 50.Rc2 Bf4
51.Bc5+ Kd7 52.Rc4 Bd6 53.Bxd6 Kxd6 54.Rc1 Na5 55.Rd1+ Kc6 56.Rd3 Nb7 57.Rg3 Nd6+
58.Ke5 Kc5 59.Rg4 Nf5 60.Rxg5 Kc6 61.Rg4 Kc5 62.Rc4+ Kb5 63.Kxe6  1-0

[Event "IX EICC"]
[Site "Plovdiv BUL"]
[Date "2008.05.02"]
[Round "11"]
[White "Guseinov,G"]
[Black "Iotov,V"]
[Result "1-0"]
[WhiteElo "2625"]
[BlackElo "2531"]

1.e4 c5 2.Nc3 Nc6 3.Nf3 e6 4.d4 cxd4 5.Nxd4 Qc7 6.g3 a6 7.Bg2 Nf6 8.O-O d6
9.Be3 Be7 10.f4 O-O 11.Kh1 Bd7 12.Nb3 b5 13.a3 b4 14.axb4 Nxb4 15.g4 d5 16.e5 Ne4
17.Nxe4 dxe4 18.Nd4 Nd5 19.Bg1 Rab8 20.Bxe4 Rxb2 21.Qd3 g6 22.c4 Nb4 23.Qa3 Rd2
24.c5 Rb8 25.Be3 Rxd4 26.Bxd4 Bc6 27.Bxc6 Qxc6+ 28.Qf3 Qxf3+ 29.Rxf3 Nc2
30.Rd1 Nxd4 31.Rxd4 Bxc5 32.Rd7 Rb1+ 33.Kg2 Rb2+ 34.Kg3 Bb4 35.f5 Be1+ 36.Kh3 exf5
37.gxf5 g5 38.Re3 Bf2 39.e6 h5 40.exf7+  1-0

[Event "Stuttgarter Stadtmeisterschaft A"]
[Site "Ditzingen GER"]
[Date "2008.05.03"]
[Round "6"]
[White "Hirneise,T"]
[Black "Kunz,K"]
[Result "1/2-1/2"]
[WhiteElo "2382"]
[BlackElo "2198"]

1.e4 c5 2.Nf3 e6 3.d4 cxd4 4.Nxd4 Nc6 5.Nc3 Qc7 6.Be2 a6 7.Be3 Nf6 8.a3 Be7
9.f4 d6 10.g4 Nxd4 11.Qxd4 e5 12.Qd1 exf4 13.Bxf4 Be6 14.g5 Nd7 15.Qd4 Ne5
16.O-O-O Rc8 17.h4 O-O 18.Qd2 Rfd8 19.Nd5 Bxd5 20.exd5 b5 21.Kb1 Rb8 22.h5 Bf8
23.Bd3 Nxd3 24.Qxd3 b4 25.a4 a5 26.g6 fxg6 27.hxg6 h6 28.Rde1 Qd7 29.Re6 Qxa4
30.Qf5 Rb7 31.b3 Qb5 32.Bg5 Ra8 33.Be7 Qe8 34.Bxd6 Qc8 35.Rf1 Bxd6 36.Rxd6 Qxf5
37.Rxf5 Re7 38.Kc1 Rf8 39.Rxf8+ Kxf8 40.Kd2 Re5 41.Rd7 Rg5 42.Kd3 Rxg6 43.Ke4 Rg2
44.Rc7 Ke8 45.Ke5 Kd8 46.Ra7 Rg6  1/2-1/2

[Event "IX EICC T/B Medals"]
[Site "Plovdiv BUL"]
[Date "2008.05.03"]
[Round "2.1"]
[White "Movsesian,S"]
[Black "Grachev,B"]
[Result "1-0"]
[WhiteElo "2695"]
[BlackElo "2610"]

1.e4 c5 2.Nf3 e6 3.d4 cxd4 4.Nxd4 Nc6 5.Nc3 Qc7 6.Be2 Nf6 7.O-O Be7 8.Be3 O-O
9.f4 d6 10.Ndb5 Qb8 11.a4 Rd8 12.Kh1 a6 13.Nd4 e5 14.Nf3 exf4 15.Bxf4 Be6
16.Qe1 Qc7 17.Rd1 Rac8 18.Ng5 Ne5 19.Nxe6 fxe6 20.Qg3 Re8 21.Bh6 Ng6 22.Be3 Qa5
23.Bd4 Ne5 24.Bd3 Kh8 25.Ne2 Qxa4 26.Bxe5 dxe5 27.Qxe5 Bd8 28.Qg3 e5 29.Qh3 Qd7
30.Qxd7 Nxd7 31.Rf7 Re7 32.Rxe7 Bxe7 33.Bxa6 Nc5 34.Bd3 Nxd3 35.cxd3 Bg5
36.Rf1 Kg8 37.Nc3 h6 38.g3 Bd2 39.Nd5 Rc2 40.b4 Rb2 41.Ne7+ Kh7 42.Rf7 Rxb4
43.Nf5 Bc3 44.Rxg7+ Kh8 45.Rc7 Bd2 46.Kg2 Rb3 47.Kh3 b5 48.Kg4 Rxd3 49.Kh5 Rd8
50.Rb7 b4 51.h4 Kg8 52.Kg6 Kh8 53.Rh7+ Kg8 54.Rg7+ Kf8 55.Rf7+  1-0

[Event "ch-NED U21"]
[Site "Venlo NED"]
[Date "2008.05.03"]
[Round "9"]
[White "Swinkels,R"]
[Black "Op den Kelder,J"]
[Result "1-0"]
[WhiteElo "2448"]
[BlackElo "2245"]

1.e4 c5 2.Nf3 e6 3.d4 cxd4 4.Nxd4 Nc6 5.Nc3 Qc7 6.Be3 a6 7.Qd2 Nf6 8.O-O-O Bb4
9.f3 Ne5 10.Nb3 b5 11.Kb1 Nc4 12.Bxc4 bxc4 13.Nc1 Rb8 14.N1e2 O-O 15.Bf4 e5
16.Bg5 Ne8 17.Qe1 Qb7 18.Bc1 d6 19.Ka1 Be6 20.g4 Nc7 21.Qg3 Nb5 22.Nxb5 Qxb5
23.c3 Ba3 24.Rd2 f6 25.Rhd1 Rb7 26.Qg2 Rfb8 27.Ng3 Qa4 28.Qe2 Bc5 29.Re1 Rb3
30.Qd1 R8b5 31.Qc2 Ra5 32.Qb1 Rab5 33.Rc2 Qa5 34.Rd1 Qb6 35.Nf5 Ra3 36.Be3 Rxa2+
37.Qxa2 Ra5 38.Bxc5 Qxc5 39.Rcd2 Bd7 40.Rd5 Rxa2+ 41.Kxa2 Qc7 42.Rxd6 Ba4
43.R1d5 h5 44.gxh5 Qb7 45.Rd2 Qc7 46.Rxa6 Bb3+ 47.Kb1 Kh7 48.Rg2 Qd8 49.Rxg7+ Kh8
50.Rg1 Qd3+ 51.Ka1 Qd8 52.Ra7 Bc2 53.Nh6 Qb6 54.Rg8+  1-0

[Event "Stuttgarter Stadtmeisterschaft A"]
[Site "Ditzingen GER"]
[Date "2008.05.04"]
[Round "7"]
[White "Tuncer,U"]
[Black "Kunz,K"]
[Result "1-0"]
[WhiteElo "2306"]
[BlackElo "2198"]

1.e4 c5 2.Nf3 e6 3.d4 cxd4 4.Nxd4 Nc6 5.Nc3 Qc7 6.Be3 a6 7.Qd2 Nf6 8.O-O-O Ne5
9.f3 b5 10.Kb1 Bb7 11.Nb3 d6 12.Qd4 Rc8 13.Qb6 Qxb6 14.Bxb6 Nc6 15.a4 bxa4
16.Nxa4 Nd7 17.Bf2 Kd8 18.Bg3 e5 19.Bf2 Kc7 20.Bc4 Nd8 21.Na5 Be7 22.Rd3 Rf8
23.Rc3 Nc5 24.Nxc5 dxc5 25.Nxb7 Nxb7 26.Bxa6 Rfd8 27.Be3 f6 28.Bc4 Ra8 29.Bd5 Ra5
30.Rd1 Rda8 31.Kc1 Ra1+ 32.Kd2 Rxd1+ 33.Kxd1 Ra1+ 34.Ke2 Ra5 35.b4 Rb5 36.Bxb7 Kxb7
37.bxc5 Kc6 38.Kd3 Rb1 39.Ra3 Rh1 40.Ra7 Bxc5 41.Bxc5 Kxc5 42.h3 g5 43.Ke3 Rg1
44.Kf2 Rc1 45.Rf7 Rxc2+ 46.Kg3 Kd4 47.Rxf6 Rc7 48.Rd6+ Ke3 49.Re6 Rc5 50.Re7 h5
51.Rg7 h4+ 52.Kh2 Kf2 53.Rxg5 Kf1 54.f4  1-0

[Event "FSIM May"]
[Site "Budapest HUN"]
[Date "2008.05.05"]
[Round "3"]
[White "Sankalp,M"]
[Black "Zalkind,K"]
[Result "1/2-1/2"]
[WhiteElo "2138"]
[BlackElo "2164"]

1.e4 c5 2.Nf3 e6 3.d4 cxd4 4.Nxd4 Nc6 5.Nc3 Qc7 6.Be3 a6 7.Qd2 Nf6 8.f3 Bb4
9.O-O-O Ne5 10.Nb3 b5 11.Bd4 Bb7 12.Qf2 Rc8 13.Qg3 Ng6 14.Qxc7 Rxc7 15.g4 O-O  1/2-1/2

[Event "FSGM May"]
[Site "Budapest HUN"]
[Date "2008.05.06"]
[Round "4"]
[White "Wittmann,W"]
[Black "Hendriks,W"]
[Result "1/2-1/2"]
[WhiteElo "2279"]
[BlackElo "2411"]

1.e4 c5 2.Nf3 Nc6 3.d4 cxd4 4.Nxd4 e6 5.Nc3 Qc7 6.f4 a6 7.Nxc6 Qxc6 8.Bd3 b5
9.Qe2 Bb7 10.Be3 Nf6 11.Bd4 Be7 12.O-O-O O-O-O 13.Rhe1 b4 14.Nb1 d5 15.e5 Nd7
16.Nd2 Kb8 17.Nb3 Rc8 18.Kb1 g6 19.Rc1 Qa4 20.g3 Rc7 21.c3  1/2-1/2

[Event "FSIM May"]
[Site "Budapest HUN"]
[Date "2008.05.07"]
[Round "5"]
[White "Farago,S"]
[Black "Zalkind,K"]
[Result "1-0"]
[WhiteElo "2240"]
[BlackElo "2164"]

1.e4 c5 2.Nf3 e6 3.d4 cxd4 4.Nxd4 Nc6 5.Nc3 Qc7 6.Be3 a6 7.Be2 Nf6 8.O-O Bb4
9.Nxc6 bxc6 10.Bd3 d5 11.Bd2 a5 12.exd5 cxd5 13.Nb5 Qe7 14.c3 Bc5 15.b4 Bb6
16.Bf4 e5 17.Bxe5 Qxe5 18.Re1 Ne4 19.Bxe4 Be6 20.Bxd5  1-0

[Event "43rd Capablanca Memorial Open"]
[Site "Havana CUB"]
[Date "2008.05.09"]
[Round "2"]
[White "Hevia,A"]
[Black "Alvarez Pedraza,A"]
[Result "1/2-1/2"]
[WhiteElo "2308"]
[BlackElo "2420"]

1.e4 c5 2.Nf3 e6 3.d4 cxd4 4.Nxd4 Nc6 5.Nc3 a6 6.Be3 Nf6 7.Qd2 Bb4 8.f3 d5
9.a3 Qa5 10.exd5 Nxd5 11.Nb3 Bxc3 12.Nxa5 Bxd2+ 13.Bxd2 Nxa5 14.Bxa5 Ne3
15.Kd2 Nxf1+ 16.Rhxf1 Bd7 17.c4 Ke7 18.b3 f6 19.Ke3 e5 20.Rfd1 Rhc8 21.a4 Rc6
22.Rd2 Rac8 23.Rad1 Be6 24.Bb4+ Ke8 25.Rd6 Rxd6 26.Rxd6 Bd7 27.h4 Rc6 28.Rxc6 Bxc6
29.g3 Kf7 30.a5 Ke6 31.Bc3 Kf5 32.Bb4 h5 33.Bf8 g5 34.hxg5 fxg5 35.Be7 e4
36.fxe4+ Bxe4 37.b4 Bc6 38.Kd4 Kg4 39.Bd6 h4 40.gxh4 Kxh4 41.Kc5 g4 42.b5 axb5
43.cxb5 Bf3 44.a6  1/2-1/2

[Event "Kaupthing Open"]
[Site "Differdange LUX"]
[Date "2008.05.10"]
[Round "1"]
[White "Stefansson,H"]
[Black "Berend,E"]
[Result "1-0"]
[WhiteElo "2583"]
[BlackElo "2303"]

1.e4 c5 2.Nf3 e6 3.d4 cxd4 4.Nxd4 Nc6 5.Nc3 a6 6.Nxc6 bxc6 7.Bd3 d5 8.O-O Nf6
9.Bg5 Be7 10.Qf3 Rb8 11.Rab1 O-O 12.Rfe1 Bb7 13.Bf4 Ra8 14.Rbd1 Nd7 15.Na4 Nb6
16.Nxb6 Qxb6 17.Qg3 Rfc8 18.Be5 Bf8 19.Re3 c5 20.exd5 exd5 21.Bf5 Re8 22.Rb3 Qc6
23.Qh3 g6 24.Bd7 Rxe5 25.Bxc6 Bxc6 26.Re3 Rh5 27.Qg3 d4 28.Re5 Bd6 29.Rxh5 Bxg3
30.Rxc5  1-0

[Event "11th IHEM"]
[Site "Hamburg GER"]
[Date "2008.05.10"]
[Round "1"]
[White "Lanka,Z"]
[Black "Kroencke,M"]
[Result "1-0"]
[WhiteElo "2473"]
[BlackElo "2174"]

1.e4 c5 2.Nf3 e6 3.d4 cxd4 4.Nxd4 Nc6 5.Nc3 Qc7 6.Be2 a6 7.Be3 Nf6 8.a3 Be7
9.f4 d6 10.g4 d5 11.e5 Ne4 12.Nxe4 dxe4 13.O-O Bc5 14.c3 b5 15.Kh1 Ne7 16.Nxb5 Qc6
17.Bxc5 Qxc5 18.Nd6+ Kf8 19.Qa4 Qc6 20.Qxc6 Nxc6 21.Nxe4 Ke7 22.Nc5 Rd8 23.Bf3 Bd7
24.b4 Be8 25.a4 Ra7 26.h4 Nb8 27.h5 Nd7 28.Nb7 Rb8 29.Nd6 Rc7 30.Ra3 g5 31.hxg6 hxg6
32.g5 Nb6 33.Kg1 Bxa4 34.c4 Bd7 35.Be2 Nc8 36.Rb1 Nxd6 37.exd6+ Kxd6 38.Rxa6+ Ke7
39.b5 Bc6 40.Bd3 Bb7 41.Ra7 Kd6 42.Kf2 Kc5 43.b6 Rd7 44.Ra5+ Kd4 45.Be2 Bc6
46.c5 Kc3 47.Rc1+ Kb2 48.Raa1 Rd4 49.Rab1+ Ka2 50.Ke3 Re4+ 51.Kd2 Rd8+ 52.Bd3  1-0

[Event "43rd Capablanca Memorial Open"]
[Site "Havana CUB"]
[Date "2008.05.10"]
[Round "3"]
[White "Gonzalez Vidal,Y"]
[Black "Guerra Tulcan,L"]
[Result "1-0"]
[WhiteElo "2477"]
[BlackElo "2274"]

1.e4 c5 2.Nf3 e6 3.d4 cxd4 4.Nxd4 Nc6 5.Nc3 Qc7 6.Be3 a6 7.Qd2 Nxd4 8.Bxd4 Ne7
9.Qg5 h6 10.Qe3 b5 11.O-O-O Rb8 12.Be2 d6 13.f4 Bd7 14.Bh5 b4 15.Nd5 exd5
16.e5 Rc8 17.Rd2 dxe5 18.Bxe5 Qc5 19.Bd4 Qd6 20.Be5 Qc6 21.Re1 Bf5 22.Ree2 Rg8
23.Bf3 Be6 24.g4 g6 25.Bf6 Qc5 26.Qe5 h5 27.Bxd5 Nxd5 28.Rxd5 Qg1+ 29.Rd1 Qb6
30.f5 gxf5 31.gxf5 Rg1 32.Qd5 Bh6+ 33.Kb1 Rxd1+ 34.Qxd1 Kf8 35.fxe6 fxe6
36.Rg2 Qe3 37.Qd6+  1-0

[Event "ENCI Limburg Open"]
[Site "Maastricht NED"]
[Date "2008.05.10"]
[Round "2"]
[White "Dek,L"]
[Black "Daces,P"]
[Result "1-0"]
[WhiteElo "2192"]
[BlackElo "2032"]

1.e4 c5 2.Nf3 e6 3.Nc3 Nc6 4.d4 cxd4 5.Nxd4 Qc7 6.Be2 a6 7.f4 Nxd4 8.Qxd4 b5
9.Be3 Bb7 10.Bf3 Rc8 11.O-O h5 12.a4 b4 13.Na2 Qc4 14.c3 bxc3 15.Nxc3 Qxd4
16.Bxd4 Bc5 17.Rad1 Ne7 18.Bxc5 Rxc5 19.Rd2 Rc7 20.Rfd1 h4 21.Kf2 Ng6 22.Ke3 Ke7
23.Rd6 Rb8 24.Rb6 Rc6 25.Rb4 Rcc8 26.Rd2 Bc6 27.Rc4 Bb7 28.Rcd4 Nf8 29.e5 Bxf3
30.Kxf3 Rb3 31.Kg4 Rcb8 32.Nd1 f6 33.exf6+ gxf6 34.Kxh4 R3b4 35.Kg4 e5 36.Rxb4 Rxb4
37.g3 Rxa4 38.Nc3 Ra5 39.Nd5+ Ke6 40.f5+ Kf7 41.h4 Ra4+ 42.Kf3 Ra5 43.g4 Ra4
44.Nb6 Rb4 45.Nxd7 Nxd7 46.Rxd7+ Ke8 47.Ra7 Rxb2  1-0

[Event "ENCI Limburg Open"]
[Site "Maastricht NED"]
[Date "2008.05.11"]
[Round "5"]
[White "Goudriaan,E"]
[Black "Broekmeulen,Ja"]
[Result "1/2-1/2"]
[WhiteElo "2117"]
[BlackElo "2322"]

1.e4 c5 2.Nc3 Nc6 3.Nf3 e6 4.d4 cxd4 5.Nxd4 Nf6 6.Nxc6 bxc6 7.e5 Nd5 8.Qg4 Qa5
9.Bd2 h5 10.Qg5 Nxc3 11.Bxc3 Bb4 12.Bd3 Bxc3+ 13.bxc3 Kf8 14.O-O f6 15.Qf4 Qxe5
16.Qxe5 fxe5 17.f4 e4 18.Bxe4 Ba6 19.Bd3 Bxd3 20.cxd3 Ke7 21.Rab1 Rab8 22.Kf2 Rb6
23.Ke3 Rhb8 24.Rxb6 Rxb6 25.f5 e5 26.Rf2 d5 27.g4 hxg4 28.Rg2 Kf6 29.Rxg4 Rb2
30.Ra4 Rb7 31.Ra6 Rc7 32.Kf3 Kxf5 33.h3 e4+ 34.dxe4+ dxe4+ 35.Ke3 Rd7 36.Ke2 Rc7
37.Ke3 c5 38.Rd6 Ke5 39.Rd8 Rf7 40.Re8+ Kd5 41.Rxe4 Rf1 42.c4+ Kd6 43.Rg4 Rh1
44.Rg6+ Ke5 45.Rg5+ Kf6 46.Rxc5 Rxh3+ 47.Kf4 Ra3 48.Rf5+ Kg6 49.Rg5+ Kh6
50.Rg2 Rc3 51.Kf5 Kh7  1/2-1/2

[Event "ENCI Limburg Open"]
[Site "Maastricht NED"]
[Date "2008.05.11"]
[Round "5"]
[White "Pijpers,A"]
[Black "Michielsen,J"]
[Result "0-1"]
[WhiteElo "2130"]
[BlackElo "2326"]

1.e4 c5 2.Nf3 e6 3.d4 cxd4 4.Nxd4 Nc6 5.Nc3 Qc7 6.Be3 a6 7.Bd3 Nf6 8.O-O Ne5
9.Nf3 d6 10.Nxe5 dxe5 11.Na4 Be7 12.c4 O-O 13.f3 Bd7 14.Kh1 Bxa4 15.Qxa4 Nd7
16.Rfd1 Rfd8 17.Rac1 a5 18.Be2 Bc5 19.Bxc5 Nxc5 20.Qa3 Qb6 21.Qc3 f6 22.b3 Qb4
23.Qxb4 axb4 24.Rxd8+ Rxd8 25.Rc2 f5 26.exf5 exf5 27.Kg1 Kf7 28.Kf2 Kf6 29.Ke1 e4
30.Rd2 Rxd2 31.Kxd2 Ke5 32.fxe4 Kxe4 33.Bf3+ Kd4 34.Bd5 b6 35.Kc2 g5 36.h3 g4
37.hxg4 fxg4 38.Kb2 Nd3+ 39.Kc2 h5 40.Kd2 Nf4 41.Bc6 h4 42.Bd7 h3 43.gxh3 gxh3
44.Bc6 h2 45.Bf3 Nh5  0-1